| 000 | 00858cab a2200277 4500 | ||
|---|---|---|---|
| 001 | WB3506-28 | ||
| 008 | 090401t1999 xxu||||| |||| 00| 0 eng d | ||
| 035 | _a(Sirsi) u91288 | ||
| 041 | _aeng | ||
| 245 | _aBanking on buildings | ||
| 260 | _c1999 | ||
| 350 | _a0 | ||
| 490 |
_aFinancial Times _v12 February 1999, 24(1) |
||
| 520 | _aDiscusses the statement by the newly merged French bank SG Paribas that real estate is one of its six core activities, despite the fact that it made no contribution to pre-tax profits. | ||
| 650 | _aBANKING | ||
| 650 | _aBANKS | ||
| 650 | _aFRANCE | ||
| 650 | _aINVESTMENT PROPERTY | ||
| 650 | _aPROPERTY HOLDINGS | ||
| 650 | _aPROPERTY INVESTMENT | ||
| 650 | _aREAL ESTATE INVESTMENT | ||
| 650 | _aSG PARIBAS | ||
| 690 | _aPROPERTY-PROPERTY FINANCE AND INVESTMENT | ||
| 942 | _n0 | ||
| 948 | _c12/02/1999 | ||
| 999 |
_c57934 _d57934 |
||